Normal view
MARC view
- Afrad Hasan
Entry Personal Name
001 - CONTROL NUMBER
- control field: 4926
003 - CONTROL NUMBER IDENTIFIER
- control field: OSt
005 - DATE AND TIME OF LATEST TRANSACTION
- control field: 20210906103017.0
008 - FIXED-LENGTH DATA ELEMENTS
- fixed length control field: 210906|| aca||aabn | a|a d
040 ## - CATALOGING SOURCE
- Original cataloging agency: OSt
- Transcribing agency: OSt
100 ## - HEADING--PERSONAL NAME
- Personal name: Afrad Hasan
670 ## - SOURCE DATA FOUND
- Source citation: Work cat.: (OSt): Afrad Hasan, Performance evaluation of coloured plastic mulch and drip irrigation of Brinjal under open field condition, 2021
